[Event "GRE-chT 49th"]
[Site "Thessaloniki"]
[Date "2022.08.13"]
[Round "2.4"]
[White "Kotsinis, Alexandros"]
[Black "Mitsiou, Konstantinos"]
[Result "1-0"]
[WhiteElo "2102"]
[BlackElo "1686"]
[PlyCount "89"]
[EventDate "2022.08.12"]
[EventType "team-swiss"]
[EventRounds "7"]
[EventCountry "GRE"]
[SourceTitle "CBM 209 Extra"]
[Source "ChessBase"]
[SourceDate "2022.09.30"]
[SourceVersion "1"]
[SourceVersionDate "2022.09.30"]
[SourceQuality "1"]
[WhiteTeam "Erakleioe"]
[BlackTeam "Poleyeroe Aso"]
[WhiteTeamCountry "GRE"]
[BlackTeamCountry "GRE"]

1. d4 d5 2. c4 c6 3. cxd5 cxd5 4. Bf4 Nc6 5. e3 Bf5 6. Qb3 Qd7 7. Nf3 e6 8. Nc3 f6 9. Be2 Bg6 10. 0-0 Rc8 11. Rfc1 Nge7 12. Na4 Nf5 13. Bb5 Be7 14. Nc5 Bxc5 15. Rxc5 0-0 16. Qa4 Rfd8 17. Bxc6 Rxc6 18. Rxc6 Qxc6 19. Qxc6 bxc6 20. Rc1 Ne7 21. Rc3 Kf7 22. Nd2 Rd7 23. Nb3 Rb7 24. Rc1 a5 25. Nxa5 Rxb2 26. Ra1 Bc2 27. Bd6 Nc8 28. Ba3 Rb6 29. Bc5 Ra6 30. Nb7 e5 31. Nd8+ Kg6 32. a3 Kf5 33. f3 Ba4 34. g4+ Kg6 35. f4 exf4 36. exf4 Nb6 37. Re1 Nc4 38. h4 h5 39. f5+ Kh7 40. g5 fxg5 41. hxg5 h4 42. Re7 Nd2 43. Ne6 Nf3+ 44. Kg2 Nxg5 45. Rxg7+ 1-0

[Event "Thessaloniki op 1st"]
[Site "Thessaloniki"]
[Date "2022.08.07"]
[Round "6"]
[White "Mitsiou, Konstantinos"]
[Black "Durak, Can"]
[Result "0-1"]
[WhiteElo "1686"]
[BlackElo "2180"]
[PlyCount "129"]
[EventDate "2022.08.03"]
[EventType "swiss"]
[EventRounds "9"]
[EventCountry "GRE"]
[SourceTitle "CBM 209 Extra"]
[Source "ChessBase"]
[SourceDate "2022.09.30"]
[SourceVersion "1"]
[SourceVersionDate "2022.09.30"]
[SourceQuality "1"]

1. d4 Nf6 2. Nf3 e6 3. c4 b6 4. a3 Bb7 5. Nc3 Be7 6. Bf4 0-0 7. e3 d6 8. Bd3 Nbd7 9. Qc2 h6 10. e4 a6 11. 0-0 c5 12. d5 Ng4 13. h3 Nge5 14. Nxe5 Nxe5 15. Bxe5 dxe5 16. Rad1 Qc7 17. Ne2 Rad8 18. Ng3 g6 19. Qe2 exd5 20. cxd5 b5 21. b3 Rc8 22. Rc1 Bg5 23. Rc2 h5 24. Rb1 Bf4 25. Nf1 Qb6 26. Ne3 Rb8 27. g3 Bg5 28. Ng2 Bc8 29. Kh2 Qd6 30. Rf1 Qd7 31. Rxc5 Qxh3+ 32. Kg1 Bg4 33. f3 Bd7 34. Qf2 b4 35. a4 Be7 36. Rc2 Bd8 37. Ne3 Bb6 38. Re1 Bc8 39. Rc6 Qd7 40. Rxb6 Rxb6 41. Nc4 Rf6 42. Nxe5 Qd8 43. Rc1 Bb7 44. Nc4 Re8 45. e5 Qxd5 46. Be4 Qxe4 47. fxe4 Rxf2 48. Kxf2 Bxe4 49. Ke3 Bf5 50. Kd4 Rc8 51. Re1 Be6 52. Re3 Kg7 53. Nb6 Rc6 54. Nc4 g5 55. Nd6 Rc3 56. Rxc3 bxc3 57. Kxc3 h4 58. gxh4 gxh4 59. Ne4 h3 60. Nf2 Kg6 61. Kd4 h2 62. b4 Bd7 63. a5 Kf5 64. Kd5 Kf4 65. Kd6 0-1

[Event "Thessaloniki Vardaris op 6th"]
[Site "Thessaloniki"]
[Date "2020.02.29"]
[Round "3"]
[White "Samaridis, Konstantinos"]
[Black "Mitsiou, Konstantinos"]
[Result "1-0"]
[WhiteElo "2104"]
[BlackElo "1703"]
[PlyCount "87"]
[EventDate "2020.02.27"]
[EventType "swiss"]
[EventRounds "7"]
[EventCountry "GRE"]
[SourceTitle "CBM 195 Extra"]
[Source "ChessBase"]
[SourceDate "2020.05.31"]
[SourceVersion "1"]
[SourceVersionDate "2020.05.31"]
[SourceQuality "1"]

1. e4 c5 2. Nf3 Nc6 3. Bb5 g6 4. 0-0 Bg7 5. Re1 d6 6. c3 a6 7. Bxc6+ bxc6 8. h3 e6 9. d4 cxd4 10. cxd4 d5 11. e5 Ne7 12. Nc3 0-0 13. Bf4 Rb8 14. Na4 a5 15. Qd2 Ba6 16. Nc5 Ra8 17. Rac1 Qc7 18. Rc2 a4 19. Nxa4 Bb5 20. Nc3 Rfb8 21. b3 Rb6 22. Rec1 Rc8 23. g4 Qd7 24. Kg2 Bf8 25. Nxb5 cxb5 26. Bh6 Rxc2 27. Rxc2 Bg7 28. Rc5 Nc6 29. Qg5 Nb4 30. Qh4 Nxa2 31. Ng5 f6 32. Bxg7 fxg5 33. Qh6 Rb8 34. Bf6 Nb4 35. Qxg5 Nc6 36. Qd2 Rc8 37. Qc1 Na7 38. h4 Rxc5 39. Qxc5 Kf7 40. Bg5 Nc8 41. Kf3 Kg7 42. Bh6+ Kxh6 43. Qf8+ Qg7 44. g5+ 1-0

[Event "Thessaloniki/Chalkidiki-chT"]
[Site "Thessaloniki/Chalkidiki"]
[Date "2019.03.24"]
[Round "9.9"]
[White "Mitsiou, Konstantinos"]
[Black "Kyparissopoulos, Spyridon"]
[Result "1-0"]
[WhiteElo "1387"]
[BlackElo "1222"]
[PlyCount "91"]
[EventDate "2019.01.13"]
[EventType "team-tourn"]
[EventRounds "9"]
[EventCountry "GRE"]
[SourceTitle "EXT 2020"]
[Source "ChessBase"]
[SourceDate "2019.10.17"]
[SourceVersion "1"]
[SourceVersionDate "2019.10.17"]
[SourceQuality "1"]
[WhiteTeam "Polygyrou ASO"]
[BlackTeam "Thessaloniki Aris"]
[WhiteTeamCountry "GRE"]
[BlackTeamCountry "GRE"]

1. e4 c6 2. d4 d5 3. exd5 cxd5 4. c4 Nf6 5. Nc3 e6 6. c5 Nc6 7. Bf4 Be7 8. a3 0-0 9. Nb5 a6 10. Nc3 Re8 11. Be2 Bf8 12. Nf3 Bd7 13. 0-0 Ne7 14. Ne5 Ng6 15. Bg3 Bc6 16. Nxc6 bxc6 17. Qa4 Qc8 18. Qa5 e5 19. dxe5 Nxe5 20. b4 Nfd7 21. f4 Ng6 22. Bg4 Be7 23. Rae1 Qb7 24. Bf5 Bf6 25. Na4 Ne7 26. Bxd7 Qxd7 27. Nb6 Qf5 28. Nxa8 Rxa8 29. Qc7 Ng6 30. Qxc6 Rf8 31. Qxa6 h5 32. h3 h4 33. Bh2 Ne7 34. Qe2 d4 35. Qe4 Qd7 36. f5 Nd5 37. Bd6 Nc3 38. Qd3 Ra8 39. Ra1 Qc6 40. Rfe1 Nb5 41. Be5 Bg5 42. a4 Nc3 43. Qxd4 Nd5 44. Qe4 Re8 45. Rad1 Nxb4 46. Qxb4 1-0

[Event "Thessaloniki/Chalkidiki-chT"]
[Site "Thessaloniki/Chalkidiki"]
[Date "2019.03.17"]
[Round "8.9"]
[White "Kalogridis, Antonios"]
[Black "Mitsiou, Konstantinos"]
[Result "1-0"]
[WhiteElo "1726"]
[BlackElo "1387"]
[PlyCount "80"]
[EventDate "2019.01.13"]
[EventType "team-tourn"]
[EventRounds "9"]
[EventCountry "GRE"]
[SourceTitle "EXT 2020"]
[Source "ChessBase"]
[SourceDate "2019.10.17"]
[SourceVersion "1"]
[SourceVersionDate "2019.10.17"]
[SourceQuality "1"]
[WhiteTeam "Keravnos MAPO"]
[BlackTeam "Polygyrou ASO"]
[WhiteTeamCountry "GRE"]
[BlackTeamCountry "GRE"]

1. d4 Nf6 2. c4 g6 3. Nc3 Bg7 4. e4 d6 5. Nf3 0-0 6. Be2 Nbd7 7. Bg5 c5 8. 0-0 cxd4 9. Nxd4 Nc5 10. f3 Ne6 11. Be3 Bd7 12. Qd2 a6 13. Rfd1 Rc8 14. Rac1 Re8 15. Nxe6 Bxe6 16. Nd5 Bxd5 17. cxd5 Qd7 18. b3 h5 19. Rxc8 Rxc8 20. Rc1 Nh7 21. Rc2 Be5 22. Qc1 Rxc2 23. Qxc2 Qd8 24. b4 g5 25. a4 Bf6 26. Qc1 e6 27. dxe6 fxe6 28. Qc4 Qd7 29. b5 axb5 30. axb5 Nf8 31. b6 d5 32. exd5 exd5 33. Qc2 Kg7 34. Bd3 d4 35. Bd2 Bd8 36. Qc5 Ne6 37. Qe5+ Kg8 38. Bc4 Kf7 39. Qf5+ Ke7 40. Bb4+ Ke8 1-0

[Event "Thessaloniki/Chalkidiki-chT"]
[Site "Thessaloniki/Chalkidiki"]
[Date "2019.02.17"]
[Round "5.9"]
[White "Mitsiou, Konstantinos"]
[Black "Tzovanis, Anastasios Anagnost"]
[Result "1/2-1/2"]
[WhiteElo "1387"]
[BlackElo "1592"]
[PlyCount "117"]
[EventDate "2019.01.13"]
[EventType "team-tourn"]
[EventRounds "9"]
[EventCountry "GRE"]
[SourceTitle "EXT 2020"]
[Source "ChessBase"]
[SourceDate "2019.10.17"]
[SourceVersion "1"]
[SourceVersionDate "2019.10.17"]
[SourceQuality "1"]
[WhiteTeam "Polygyrou ASO"]
[BlackTeam "Kalamarias ES"]
[WhiteTeamCountry "GRE"]
[BlackTeamCountry "GRE"]

1. e4 c5 2. Nf3 d6 3. Bb5+ Bd7 4. Bxd7+ Qxd7 5. 0-0 Nf6 6. Re1 Nc6 7. c3 e6 8. d4 cxd4 9. cxd4 d5 10. e5 Ne4 11. Nc3 Nxc3 12. bxc3 Be7 13. Rb1 0-0 14. Qc2 Rac8 15. Qd3 a6 16. Ng5 Bxg5 17. Bxg5 h6 18. Bf4 f6 19. Qg3 fxe5 20. Bxh6 e4 21. Rb6 Qc7 22. Qxc7 Rxc7 23. Be3 e5 24. dxe5 Nxe5 25. Rd6 Nd3 26. Rb1 Rxc3 27. Rxd5 b5 28. Rd6 Rc2 29. Rxa6 Nxf2 30. h3 Re2 31. Bd4 Rd2 32. Be3 Re2 33. Bd4 Rd2 34. Be3 Re2 35. Bd4 Rd2 36. Be3 Rd1+ 37. Rxd1 Nxd1 38. Bc5 Rf5 39. Bb4 e3 40. Re6 Kf7 41. Re4 g5 42. Ba3 Kf6 43. Bb4 Kf7 44. Re7+ Kf6 45. Re4 Kf7 46. Re7+ Kf6 47. Re4 Kg6 48. Re6+ Kf7 49. Re7+ Kf6 50. Re4 Kg6 51. Re6+ Kf7 52. Re7+ Kf6 53. Re4 Kf7 54. a3 Kg6 55. Re6+ Kf7 56. Re7+ Kf6 57. Re4 Kf7 58. Re7+ Kf6 59. Re4 1/2-1/2

[Event "Thessaloniki/Chalkidiki-chT"]
[Site "Thessaloniki/Chalkidiki"]
[Date "2019.01.20"]
[Round "2.9"]
[White "Magalakis, Stefanos"]
[Black "Mitsiou, Konstantinos"]
[Result "0-1"]
[WhiteElo "1668"]
[BlackElo "1387"]
[PlyCount "114"]
[EventDate "2019.01.13"]
[EventType "team-tourn"]
[EventRounds "9"]
[EventCountry "GRE"]
[SourceTitle "EXT 2020"]
[Source "ChessBase"]
[SourceDate "2019.10.17"]
[SourceVersion "1"]
[SourceVersionDate "2019.10.17"]
[SourceQuality "1"]
[WhiteTeam "Kalamarias Han"]
[BlackTeam "Polygyrou ASO"]
[WhiteTeamCountry "GRE"]
[BlackTeamCountry "GRE"]

1. c4 Nf6 2. Nc3 g6 3. g3 Bg7 4. Bg2 0-0 5. d4 d6 6. e4 Re8 7. Nge2 Nbd7 8. 0-0 c5 9. h3 cxd4 10. Nxd4 Nb6 11. b3 Bd7 12. Be3 Rc8 13. Rc1 a6 14. Qd2 Na8 15. Rfd1 Qa5 16. a4 Nc7 17. Nc2 Ne6 18. Bf1 Qd8 19. Nb4 Nc5 20. Qc2 Qb6 21. Bxc5 Qxc5 22. Nbd5 Nxd5 23. Nxd5 b5 24. axb5 axb5 25. Qd2 bxc4 26. Bxc4 Qa7 27. Kg2 Bc6 28. f3 Ra8 29. Nb4 Bd7 30. Bd5 Rac8 31. Qf4 Bf6 32. Nd3 Bb5 33. Nf2 h5 34. g4 g5 35. Qd2 h4 36. Bxf7+ Kxf7 37. Qd5+ Kg7 38. Qxb5 Qa2 39. Qa4 Qb2 40. Rb1 Qe5 41. Rbc1 Qg3+ 42. Kf1 Qxf3 43. Rc4 Ra8 44. Rd3 Qf4 45. Qb4 Ra2 46. Qe1 Rea8 47. e5 Qxe5 48. Re4 Qb5 49. Qe3 Rb2 50. Kg2 Raa2 51. Rxe7+ Kf8 52. Re6 Rxf2+ 53. Kg1 Rg2+ 54. Kh1 Rh2+ 55. Kg1 Be5 56. Qf3+ Bf4 57. Rd1 Qc5+ 0-1

[Event "EThessaloniki SSTH HALK-ch U16"]
[Site "Thessaloniki"]
[Date "2017.11.19"]
[Round "5.3"]
[White "Mitsiou, Konstantinos"]
[Black "Magalakis, Stefanos"]
[Result "0-1"]
[WhiteElo "1265"]
[BlackElo "1332"]
[PlyCount "122"]
[EventDate "2017.10.01"]
[EventType "swiss"]
[EventRounds "6"]
[EventCountry "GRE"]
[SourceTitle "EXT 2024"]
[Source "ChessBase"]
[SourceDate "2023.10.10"]
[SourceVersion "1"]
[SourceVersionDate "2023.10.10"]
[SourceQuality "1"]

1. e4 c5 2. Nf3 g6 3. d4 cxd4 4. Qxd4 Nf6 5. e5 Nc6 6. Qd1 Ng4 7. Bf4 Bg7 8. Qe2 Qa5+ 9. Bd2 Qc7 10. Bc3 0-0 11. Nbd2 Ngxe5 12. Nxe5 Bxe5 13. Bxe5 Qxe5 14. Nc4 Qxe2+ 15. Bxe2 d6 16. 0-0 Be6 17. a3 Nd4 18. Bd3 Bxc4 19. Bxc4 Rac8 20. Bd3 Nxc2 21. Rac1 Nd4 22. Rcd1 Rc7 23. Kh1 Nf5 24. Rfe1 Rfc8 25. h3 Kf8 26. Kh2 Nd4 27. Re4 Ne6 28. Rh4 Kg7 29. Re1 Nc5 30. Bc2 e6 31. Rd4 d5 32. h4 Nd7 33. Bd3 Nb6 34. Rg4 Nc4 35. Re2 Nd6 36. Ra4 a6 37. Re3 Nc4 38. Re2 Rc6 39. Rb4 R8c7 40. g4 Rb6 41. Rxb6 Nxb6 42. Kg3 Nd7 43. f4 Nc5 44. Rc2 Rc6 45. Rd2 Nxd3 46. Rxd3 Kf6 47. Kf3 Ke7 48. Ke3 Rb6 49. Rd2 Kd6 50. Rc2 Rc6 51. Rd2 Rc4 52. Rd3 Rc5 53. Rd4 Rb5 54. b4 Rb6 55. Rd3 Rc6 56. Rb3 b5 57. Rd3 Rc4 58. Rb3 e5 59. fxe5+ Kxe5 60. Kf3 d4 61. Ke2 Rc3 0-1

[Event "EThessaloniki SSTH HALK-ch U16"]
[Site "Thessaloniki"]
[Date "2017.10.01"]
[Round "1.3"]
[White "Mitsiou, Konstantinos"]
[Black "Iakovidis, Orestis Marios"]
[Result "0-1"]
[WhiteElo "1265"]
[BlackElo "1281"]
[PlyCount "64"]
[EventDate "2017.10.01"]
[EventType "swiss"]
[EventRounds "6"]
[EventCountry "GRE"]
[SourceTitle "EXT 2024"]
[Source "ChessBase"]
[SourceDate "2023.10.10"]
[SourceVersion "1"]
[SourceVersionDate "2023.10.10"]
[SourceQuality "1"]

1. e4 Nf6 2. Nc3 e5 3. Bc4 Nc6 4. f4 exf4 5. d4 Bb4 6. Bxf4 0-0 7. Bg5 Re8 8. e5 d6 9. Nge2 dxe5 10. dxe5 Qxd1+ 11. Rxd1 Nxe5 12. Bb3 Bxc3+ 13. bxc3 Bg4 14. Bxf6 gxf6 15. Rd2 Ng6 16. h3 Be6 17. 0-0 Kg7 18. Ng3 Bxb3 19. cxb3 Rad8 20. Rxd8 Rxd8 21. Nh5+ Kh8 22. Nxf6 Rd2 23. Ne4 Re2 24. Nc5 Kg7 25. Nxb7 Rxa2 26. Nd8 Rd2 27. Nxf7 Nh4 28. Ne5 Rxg2+ 29. Kh1 Re2 30. Nc4 Kg6 31. Rg1+ Kh5 32. Rg7 Nf3 0-1